|
|
|
|
| LEADER |
00000ny a22000003n 4500 |
| 005 |
20110509135414.0 |
| 008 |
940509c19849999sp pqr 0 0 b spa d |
| 022 |
|
|
|a 0212-9469
|
| 024 |
8 |
|
|a NIPO 353-03-002-5
|
| 035 |
|
|
|a 561
|
| 040 |
|
|
|a UMA.RE
|d UAM.PP
|d UMA.CEE
|d UMA.HUM
|d vlex
|
| 080 |
|
|
|a 339(051)
|
| 080 |
|
|
|a 366(051)
|
| 090 |
|
|
|c 1464
|d 1464
|
| 245 |
0 |
0 |
|a Estudios sobre el consumo
|h [Recurso electrn̤ico]
|
| 246 |
3 |
|
|a Revista del Instituto Nacional del Consumo
|
| 246 |
3 |
|
|a Estudios sobre consumo
|
| 256 |
|
|
|a Servicio en ln̕ea
|
| 260 |
|
|
|a Madrid :
|b Instituto Nacional de Consumo
|
| 310 |
|
|
|a Trimestral. Cuatrimestral hasta 1994
|
| 506 |
1 |
|
|a Contenido solo disponible en los productos indicados
|d vLex Global
|d vLex Global (Academic Edition, excluding Law Schools)
|d vLex Global (U.S. Academic Edition, Law Schools)
|d vLex Global (U.S. Academic Edition, excluding Law Schools)
|d vLex Global (Academic Edition, Law Schools)
|
| 515 |
|
|
|a Tiene nm︢eros extraordinarios
|
| 650 |
0 |
7 |
|a Derecho de los consumidores y usuarios
|2 Tesauro vLex
|
| 650 |
0 |
7 |
|2 Tesauro vLex
|a Civil
|
| 650 |
0 |
7 |
|2 Tesauro vLex
|a Actos de consumo
|
| 650 |
0 |
7 |
|2 Tesauro vLex
|a Consumidores y usuarios,Consumidores
|
| 710 |
2 |
|
|a Instituto Nacional del Consumo (Espaą)
|
| 740 |
0 |
|
|a vLex Revista (Servicios en ln̕ea)
|
| 853 |
|
|
|8 1
|i (year)
|j (month)
|k (day)
|
| 856 |
4 |
0 |
|u http://vlex.com/source/estudios-consumo-561
|z Acceso restringido
|
| 942 |
|
|
|c REV
|